| 000 | 00500nam a22001457a 4500 | ||
|---|---|---|---|
| 999 |
_c60525 _d60525 |
||
| 005 | 20230811150648.0 | ||
| 008 | 230811s1961 enk||||| |||| 00| 0 eng d | ||
| 080 | _a902/904 D-16 | ||
| 100 |
_aDalton, O. M. _919665 |
||
| 245 |
_aByzantine Art and Archaeology / _c O. M. Dalton. |
||
| 264 |
_aNew York: _bDover Publications, _c1961. |
||
| 300 |
_a727 p.: _bill.; _c23 cm. |
||
| 653 | _aბიზანტიური ხელოვნება და არქეოლოგია | ||
| 942 |
_2udc _cBK |
||